| 000 | 00533nam a2200169 i 4500 | ||
|---|---|---|---|
| 001 | 95094 | ||
| 003 | ES-MaACL | ||
| 005 | 20230906181631.0 | ||
| 007 | t| | ||
| 008 | 050523s1936 sp ||||1| spa d | ||
| 100 | 1 |
_aLudwig, Emil. _974618 |
|
| 245 | 1 | 0 |
_aHindenburg y la leyenda de la república alemana / _cEmil Ludwig; traducción del alemán por Manuel Ramírez Valladares. |
| 260 |
_aBarcelona : _bJuventud, _c1936. |
||
| 300 |
_a407 p. ; _c22 cm. |
||
| 700 | 1 |
_aRamírez Valladares, Manuel. _995177 |
|
| 852 |
_aES-MaACL _jA-4331 |
||
| 999 |
_c95094 _d95094 |
||